[Event "AUTO-OPEN-964"]
[Site "http://www.queenalice.com/game.php?id=334306"]
[Date "2008.1.10"]
[Round "1"]
[White "Galisteu"]
[Black "thw"]
[Result "1-0"]
[WhiteElo "1551"]
[BlackElo "1843"]

1. d4 e6 2. c4 d5 3. Nc3 Nf6 4. Nf3 Nbd7 5. Bg5 c6 6. e3 Qa5 7. Bd3 Bb4 8. Qc2
O-O 9. O-O h6 10. Bf4 dxc4 11. Bxc4 Bxc3 12. bxc3 Nb6 13. Bd3 Nbd5 14. Be5 Qxc3
15. Qxc3 Nxc3 16. Bxf6 gxf6 17. a4 Re8 18. e4 e5 19. dxe5 fxe5 20. Rfc1 1-0

[Event "AUTO-OPEN-966"]
[Site "http://www.queenalice.com/game.php?id=334924"]
[Date "2008.1.11"]
[Round "1"]
[White "animis"]
[Black "Galisteu"]
[Result "1-0"]
[WhiteElo "1925"]
[BlackElo "1811"]

1. e4 c5 2. Nf3 Nc6 3. d4 cxd4 4. Nxd4 Nf6 5. Nc3 e6 6. Be3 Bb4 7. Bd3 Bxc3+ 8.
bxc3 O-O 9. O-O Qc7 10. f4 d6 11. Qd2 e5 12. Nb5 Qd7 13. Na3 exf4 14. Bxf4 Ne5
15. Bb5 Qe7 16. Bd3 Be6 17. Nb5 Nfd7 18. Be2 f6 19. Nc7 Rac8 20. Nxe6 Qxe6 21.
Rfb1 b6 22. Rd1 Rc6 23. Bb5 Qg4 24. Bxc6 Nf3+ 25. Kh1 Nxd2 26. Bxd2 Ne5 27. Bd5+
Kh8 28. Be3 Qe2 29. Bd4 Qxc2 30. Rdc1 Qe2 31. Re1 Qg4 32. Rad1 Rc8 33. Rf1 h6
34. Kg1 Qg5 35. Rf5 Qg6 36. Rdf1 Nc6 37. Rxf6 Qe8 38. Rxh6# 1-0

[Event "AUTO-OPEN-966"]
[Site "http://www.queenalice.com/game.php?id=334925"]
[Date "2008.1.11"]
[Round "1"]
[White "Galisteu"]
[Black "animis"]
[Result "0-1"]
[WhiteElo "1618"]
[BlackElo "1970"]

1. e4 c5 2. Nf3 d6 3. d4 cxd4 4. Nxd4 Nf6 5. Nc3 a6 6. Bg5 e6 7. f4 Nbd7 8. Bd3
Qb6 9. Nb3 h6 10. Bh4 Qe3+ 11. Qe2 Qxf4 12. Bg3 Qg4 13. O-O-O Qxe2 14. Bxe2 e5
15. Bf2 b5 16. a3 Bb7 17. Bf3 Rc8 18. h4 Be7 19. g4 O-O 20. g5 Ne8 21. gxh6 g6
22. h5 g5 23. Bg4 Rc7 24. Bf5 Nef6 25. Rdg1 Nh7 26. Na5 Ba8 27. Be3 f6 28. Nb3
Rd8 29. Nd2 Bf8 30. Nf3 Bxh6 31. Nh4 Nhf8 32. Ng6 Kf7 33. Rf1 Rb8 34. Rd1 Rc6
35. Nd5 a5 36. Nge7 Rc4 37. b3 Rc5 38. Bxc5 Nxc5 39. Bg6+ Ke6 40. Bf5+ Kf7 41.
b4 axb4 42. axb4 Na4 43. Rh3 g4+ 44. Re3 Bxe3+ 45. Nxe3 Rb6 46. Nc8 Rc6 47.
Nxd6+ Kg7 48. Nxg4 Nc3 49. h6+ Kh8 50. Nxf6 Na2+ 51. Kb2 Rc7 0-1

[Event "AUTO-OPEN-966"]
[Site "http://www.queenalice.com/game.php?id=334948"]
[Date "2008.1.11"]
[Round "1"]
[White "ardofon"]
[Black "Galisteu"]
[Result "1-0"]
[WhiteElo "1876"]
[BlackElo "1623"]

1. e4 e5 2. Bc4 Nf6 3. Nc3 Bc5 4. h3 O-O 5. a3 Nc6 6. d3 h6 7. Nf3 d6 8. Ne2 Be6
9. Bb5 Ne7 10. Ba4 Ng6 11. c3 Bb6 12. O-O c6 13. b4 Qd7 14. Kh2 1-0

[Event "AUTO-OPEN-966"]
[Site "http://www.queenalice.com/game.php?id=334949"]
[Date "2008.1.11"]
[Round "1"]
[White "Galisteu"]
[Black "ardofon"]
[Result "0-1"]
[WhiteElo "1629"]
[BlackElo "1864"]

1. d4 e6 2. c4 c6 3. Nc3 h6 4. Nf3 d6 5. e3 Nd7 6. Bd3 Ngf6 7. O-O Qc7 8. Qc2 a6
9. b3 Nh7 10. Bxh7 g6 11. Bxg6 fxg6 12. Qxg6+ Ke7 13. Ne4 Qd8 0-1

[Event "Challenge"]
[Site "http://www.queenalice.com/game.php?id=339505"]
[Date "2008.1.20"]
[Round "-"]
[White "fabriciosousa"]
[Black "Galisteu"]
[Result "1-0"]
[WhiteElo "1914"]
[BlackElo "1640"]

1. e4 c5 2. Nf3 Nc6 3. d4 cxd4 4. Nxd4 Nf6 5. Nc3 a6 6. a3 e6 7. Bg5 Be7 8. Be2
Nxe4 9. Nxc6 bxc6 10. Bxe7 Nxc3 11. Bxd8 Nxd1 12. Rxd1 Kxd8 13. O-O d5 14. b3 h5
15. Rd3 g5 16. Rh3 h4 17. Rc3 Bd7 18. h3 Ke7 19. Rd1 f5 20. Rc5 Rhg8 21. a4 g4
22. hxg4 fxg4 23. Rd4 e5 24. Rd2 Kd6 25. Rc3 d4 26. Bc4 Rg7 27. Re3 Be6 28. Bxe6
Kxe6 29. Rxd4 Kf5 30. Rd6 Rc8 31. Rc3 g3 32. Rcxc6 Rxc6 33. Rxc6 1-0

[Event "Challenge"]
[Site "http://www.queenalice.com/game.php?id=339506"]
[Date "2008.1.20"]
[Round "-"]
[White "Galisteu"]
[Black "fabriciosousa"]
[Result "0-1"]
[WhiteElo "1634"]
[BlackElo "1919"]

1. d4 Nf6 2. c4 g6 3. Nc3 Bg7 4. e4 O-O 5. Nf3 d6 6. Be2 b6 7. O-O c5 8. d5 e6
9. Bg5 h6 10. Bh4 e5 11. h3 g5 12. Bg3 Nh5 13. Bh2 Nf4 14. Bxf4 gxf4 15. Nd2 f5
16. f3 Kh7 17. Qc2 Kh8 18. Bd3 Rg8 19. exf5 Nd7 20. Nde4 Nf6 21. Nxf6 Bxf6 22.
Rae1 Bh4 23. Re2 Qe7 24. a4 Bd7 25. Nb5 Bxb5 26. axb5 Rg7 27. Qa4 Rag8 28. b4
Rg5 29. bxc5 Qg7 30. Qa2 Rg3 31. Kh1 bxc5 0-1

[Event "AUTO-ADV-781"]
[Site "http://www.queenalice.com/game.php?id=343460"]
[Date "2008.1.26"]
[Round "1"]
[White "luizpessoa"]
[Black "Galisteu"]
[Result "1-0"]
[WhiteElo "1721"]
[BlackElo "1749"]

1. e4 c5 2. d3 Nc6 3. Be2 Nf6 4. Bf3 e5 5. Bg5 Be7 6. Nc3 O-O 7. Nh3 d6 8. Bxf6
Bxf6 9. Bg4 Be6 10. Bxe6 fxe6 11. Qe2 Nd4 12. Qd2 b5 13. Ne2 b4 14. Nxd4 exd4
15. f4 1-0

[Event "AUTO-ADV-781"]
[Site "http://www.queenalice.com/game.php?id=343461"]
[Date "2008.1.26"]
[Round "1"]
[White "Galisteu"]
[Black "luizpessoa"]
[Result "0-1"]
[WhiteElo "1724"]
[BlackElo "1738"]

1. e4 d5 2. exd5 Qxd5 3. Nc3 Qe5+ 4. Nge2 Bg4 5. d4 Qd6 6. Be3 e6 7. Qd2 a6 8.
f3 Bf5 9. g4 Bg6 10. h4 h5 11. O-O-O hxg4 12. fxg4 Nc6 13. Bg2 Nh6 14. h5 Bh7
0-1

[Event "AUTO-ADV-781"]
[Site "http://www.queenalice.com/game.php?id=343484"]
[Date "2008.1.26"]
[Round "1"]
[White "Galisteu"]
[Black "Petruzza"]
[Result "0-1"]
[WhiteElo "1703"]
[BlackElo "1653"]

1. d4 Nc6 2. c4 Na5 3. e3 e6 4. Nf3 c6 5. Bd3 g5 6. O-O g4 7. Ne5 f5 8. a3 d6 9.
Nf7 Kxf7 10. b4 Nxc4 11. Bxc4 d5 12. Bd3 h5 13. f3 gxf3 0-1

[Event "AUTO-ADV-781"]
[Site "http://www.queenalice.com/game.php?id=343485"]
[Date "2008.1.26"]
[Round "1"]
[White "Petruzza"]
[Black "Galisteu"]
[Result "1-0"]
[WhiteElo "1671"]
[BlackElo "1679"]

1. e4 c5 2. Qh5 e6 3. Nf3 Nc6 4. Bb5 Nf6 5. Qg5 Nxe4 6. Qf4 Nf6 7. Ne5 Be7 8.
Nxc6 bxc6 9. Bc4 d5 10. Bb3 O-O 11. d3 Bd6 12. Qg5 Ba6 13. f4 c4 14. dxc4 1-0

[Event "Regisnov  x  Garça Marrecovisk"]
[Site "http://www.queenalice.com/game.php?id=599373"]
[Date "2009.6.6"]
[Round "-"]
[White "Galisteu"]
[Black "garca"]
[Result "1-0"]
[WhiteElo "1616"]
[BlackElo "1810"]

1. d4 d5 2. c4 dxc4 3. Nc3 e6 4. e3 Be7 5. Bxc4 Nf6 6. Nf3 h6 7. Qc2 Nc6 8. a3
a6 9. Bd2 Bd7 10. Ne5 Bd6 11. f4 Na7 12. Bd3 Bc6 13. O-O Nd5 14. Ne4 Bb5 15. Rf3
Bxd3 16. Qxd3 Bxe5 17. fxe5 Nc6 18. Raf1 Rf8 19. Nc5 Rb8 20. Nxe6 1-0

[Event "Regisnov   x   Garça Patolino "]
[Site "http://www.queenalice.com/game.php?id=599375"]
[Date "2009.6.6"]
[Round "-"]
[White "garca"]
[Black "Galisteu"]
[Result "1/2-1/2"]
[WhiteElo "1849"]
[BlackElo "1640"]

1. e4 c5 2. Nc3 d6 3. d3 Nf6 4. h3 Nc6 5. Nf3 e6 6. Be2 Be7 7. O-O O-O 8. a3 Nd4
9. Re1 b6 10. Bd2 e5 11. Nh2 Bb7 12. Bg5 Re8 13. Nf3 Rc8 14. Nxd4 cxd4 15. Na2
h6 16. Bd2 d5 17. exd5 Bxd5 18. Bf3 Bf8 19. Bxd5 Nxd5 20. Nb4 Bxb4 21. axb4 f5
22. Rxa7 e4 23. Qh5 Qf6 24. dxe4 Ne7 25. exf5 Qxf5 26. Qh4 Ng6 27. Rxe8+ Rxe8
28. Qxd4 Ne5 29. Bc3 Qg6 30. Qd5+ Nf7 31. Qd7 Rd8 32. Qg4 Qxg4 33. hxg4 Rd1+ 34.
Kh2 Rd6 35. Rb7 g5 36. f3 Nd8 37. Rb8 Kf7 38. Be5 Rd5 39. Bc7 Ne6 40. Bxb6 Rd2
41. c4 Rxb2 42. Ba5 Nf4 43. Rb6 Nxg2 44. Kg1 Ne1 45. Rxh6 Nxf3+ 46. Kf1 Nd2+ 47.
Kg1 Nxc4 48. Bd8 Rxb4 49. Bxg5 Ne5 50. Rf6+ Kg7 51. Rf4 Rxf4 52. Bxf4 Nxg4 53.
Kg2 1/2-1/2